000 00698nam a22001815i 4500
001 48638
003 ES-MaACL
005 20230906161804.0
007 t|
008 950727s1890 pr ||||1| spa d
040 _aCAM
_bspa
_cCAM
100 1 _aDiaz Agero, Ricardo.
_944159
245 1 0 _aDiscurso leido por Ricardo Diaz Agero, presidente de la Audiencia Territorial de Puerto Rico, en el solemne acto de la apertura de los tribunales de la isla en 2 de enero de 1890.
260 _aPuerto-Rico :
_b[s.n.],
_c1890 (
_ftipografĂ­a del BoletĂ­n Mercantil)
300 _a26, [3] p., [2] h. pleg. ;
_c24 cm.
710 2 _aPuerto Rico.
_bAudiencia Territorial.
_96273
852 _aES-MaACL
_jT-1266-F-5
999 _c48638
_d48638